000
00301nam a22001217a 4500
008
170131b xxu||||| |||| 00| 0 eng d
041
_a
eng
080
_2
7TH
_a
61
100
_a
3
101
_a
SHMI
245
_a
EPIDEMIOLOGY AND REVENTION OF VACCINE-PREVENTABLE DISEASES
_c
ATKINSON, W
942
_2
udc
_c
BK
999
_c
4060
_d
4060